Osito Pera : (Registro nro. 7503)

Detalles MARC
000 -LEADER
fixed length control field 00876nam a22002417a 4500
003 - CONTROL NUMBER IDENTIFIER
control field OSt
005 - DATE AND TIME OF LATEST TRANSACTION
control field 20210308184435.0
008 - FIXED-LENGTH DATA ELEMENTS--GENERAL INFORMATION
fixed length control field 210308q1995 eu a|||br|||| 00| j spa d
040 ## - CATALOGING SOURCE
Original cataloging agency CO-JMCR
Transcribing agency CO-JMCR
041 0# - LANGUAGE CODE
Language code of text/sound track or separate title spa
082 04 - DEWEY DECIMAL CLASSIFICATION NUMBER
Classification number C /
Item number ANDo
Edition number 23
100 1# - MAIN ENTRY--PERSONAL NAME
Personal name André, Maggie,
Relator term autora
9 (RLIN) 14592
245 10 - TITLE STATEMENT
Title Osito Pera :
Remainder of title peras, guisantes y el Dragón Miniatura /
Statement of responsibility, etc. cuento escrito por Maggie André ; ilustraciones de Catherine Deeter y Maggie André
260 ## - PUBLICATION, DISTRIBUTION, ETC.
Place of publication, distribution, etc. [New York] :
Name of publisher, distributor, etc. [sn],
Date of publication, distribution, etc. [1995]
300 ## - PHYSICAL DESCRIPTION
Extent 38 páginas :
Other physical details ilustraciones a blanco y negro ;
Dimensions 15 cm.
490 0# - SERIES STATEMENT
Series statement Las crónicas de Osito Pera
650 14 - SUBJECT ADDED ENTRY--TOPICAL TERM
Topical term or geographic name entry element Literatura infantil
9 (RLIN) 14593
650 14 - SUBJECT ADDED ENTRY--TOPICAL TERM
Topical term or geographic name entry element osos en la literatura
9 (RLIN) 13359
650 14 - SUBJECT ADDED ENTRY--TOPICAL TERM
Topical term or geographic name entry element Dragones en la literatura
9 (RLIN) 14594
700 1# - ADDED ENTRY--PERSONAL NAME
Personal name Deeter, Catherine,
Relator term ilustradora
9 (RLIN) 14595
700 1# - ADDED ENTRY--PERSONAL NAME
Personal name André, Maggie,
Relator term ilustradora
9 (RLIN) 14592
942 ## - ADDED ENTRY ELEMENTS (KOHA)
Source of classification or shelving scheme Dewey Decimal Classification
Koha item type Books
Existencias
Withdrawn status Lost status Source of classification or shelving scheme Damaged status Not for loan Collection code Home library Current library Date acquired Source of acquisition Total Checkouts Full call number Barcode Date last seen Date last checked out Copy number Price effective from Koha item type
    Dewey Decimal Classification     Fiction Biblioteca Pública José María del Castillo y Rada Biblioteca Pública José María del Castillo y Rada 10/02/2020 Donación 5 C / ANDo 201810732 02/11/2026 02/11/2026 Ej.1 03/08/2021 Books
    Dewey Decimal Classification     Fiction Biblioteca Pública José María del Castillo y Rada Biblioteca Pública José María del Castillo y Rada 10/02/2020 Donación 4 C / ANDo 201810731 02/11/2026 02/11/2026 Ej.2 03/08/2021 Books